Trasa Linii 130 (MPK KRAKÓW) - Statystyki

Ogólne statystyki
  • Ten quiz został rozwiązany 10 razy
  • Średni wynik to 9 z 12
Statystyki odpowiedzi
Lp. Ulica Przystanek % Poprawnych
1. Weissa Azory
100%
12. Kurniki Dworzec Główny Zachód
89%
3. Makowskiego Makowskiego
89%
10. ↓ al. Słowackiego Nowy Kleparz
89%
11. WarszawskaPawia Politechnika
89%
4. ↑ Stachiewicza Stachiewicza
89%
9. WrocławskaPrądnicka Nowy Kleparz
78%
5. Wrocławska Łobzów SKA
67%
6. Wrocławska Urząd Marszałkowski
67%
7. Wrocławska Wrocławska
67%
8. Wrocławska Friedleina
56%
2. Makowskiego Różyckiego
56%
Nie znaleziono quizów pasujących do podanych kryteriów
Rozkład punktacji
Procent ludzi z każdym wynikiem
Percentyl według liczby udzielonych odpowiedzi
Twoja historia wyników
Nie rozwiązałeś tego quizu